| 000 | 005620000a22001810004500 | ||
|---|---|---|---|
| 003 | MACL | ||
| 005 | 20160513143758.0 | ||
| 008 | 160513b xxu||||| |||| 00| 0 eng d | ||
| 040 |
_aMACL _cMACL |
||
| 041 | _aHindi | ||
| 082 | _a891.431 SAX | ||
| 100 |
_aसक्सेना, इन्दु _956771 |
||
| 245 |
_aवैदेही _cइन्दु सक्सेना |
||
| 260 |
_bवालण्टियर प्रकाशन _c2000 _aकानपुर |
||
| 350 | _a250 | ||
| 650 |
_aPoetry _956772 |
||
| 942 |
_cHIN _k800/SAX/P _2ddc |
||
| 999 |
_c18183 _d18183 |
||